01013nam a2200169Ia 4500008004100000020001500041050002100056100004100077245012600118260004300244300003600287500009300323500002100416505034200437650002400779700004000803120626s2005 mx a 000 0 spa d a970782025X aHF1025bS74 2005 aSterling Pérez, Bessy Elviaeautor aGeografía económicab: Una visión integradora del mundoc/ Bessy Elvia, Sterling Perez: Eduardo, Villanueva Herrera aEstado de México b: Esfingec, 2005 a390 páginasb: ilustraciones  aIncluye: Indice, Presentación, Lectura, Actividades, Autoevaluación, Bibliografía  areimpresion 2012 aI. Introducción a la Geografía Económica II. Estados Unidos de América III. Canadá IV. México V. América Latina VI. Unión Europea dentro de Europa VII. Rusia VIII. Japón IX. China X. Nuevas economías industrializadas, países petroleros del Suroeste de Asia e interdependencia económica mundial  aGEOGRAFIA ECONOMICA a Villanueva Herrera, Eduardoeautor